000 00558nam a2200181Ia 4500
008 090124s9999 xx 000 0 und d
082 _b24460
100 _aवडगावकर निवृत्ती
245 _a फेर-फटका
250 _a0
260 _bसाकेत प्रकाशन
_c1985
300 _a146
600 _aवडगावकर निवृत्ती
630 _a फेर-फटका
700 _aवडगावकर निवृत्ती
730 _a फेर-फटका
942 _cBOOK
999 _c92800
_d92800